000 00617nam a2200229Ia 4500
003 OSt
005 20220918200637.0
006 a|||||r|||| 00| 0
007 ta
008 220917b |||||||| |||| 00| 0 eng d
024 _a89,718
037 _cTextual
040 _aARTS
_cARTS
_beng
041 _2eng
_aeng
082 _aU8:3:N5, J5
100 _aWilson Francesca M ed & comp
_995029
245 0 _aStrange Island
_b Britain through foreign eyes 1395-1940
260 _c1955
650 _aGEOGRAPHY
942 _hU8:3:N5, J5
_cTEXL
_2CC
999 _c213387
_d213387